Famous Freds - Statistics

General Stats
  • This quiz has been taken 502 times
  • The average score is 7 of 20
Answer Stats
Hint Which Fred? % Correct
Lead singer of Queen Freddie Mercury
99%
Yabba dabba doo! Fred Flintstone
85%
Ginger Rogers' dance partner Fred Astaire
83%
Twin brother to George in the Harry Potter series Fred Weasley
57%
King of Prussia Frederick the Great
55%
It's a beautiful day in the neighborhood Fred Rogers
55%
19th century abolitionist and orator Frederick Douglass
44%
The Wonder Years Fred Savage
43%
Lead singer of Limp Bizkit Fred Durst
40%
"It's pronounced Fronkensteen!" (Gene Wilder character) Frederick Frankenstein
36%
TV character who frequently called his son "Dummy" Fred Sanford
23%
PGA golfer Fred Couples
21%
TV dad on "My Three Sons" Fred MacMurray
21%
Herman Munster Fred Gwynne
20%
TV star of "Chico and the Man" Freddie Prinze
19%
Animation producer of the "Tom and Jerry" cartoons Fred Quimby
13%
Singer of "Wasted Days and Wasted Nights" Freddy Fender
12%
Star of mockumentaries "Best in Show" and "Waiting for Guffman" Fred Willard
11%
Singer of the 1985 song "You Are My Lady" Freddie Jackson
6%
Lead actor in the 1985 film "Remo Williams: The Adventure Begins" Fred Ward
6%
No matching quizzes found
Score Distribution
Percent of People with Each Score
Percentile by Number Answered
Your Score History
You have not taken this quiz